Ч. 2; Термодинамика и кинетика сорбционного концентрирования

מידע ביבליוגרפי
Parent link:Термодинамика и кинетика сорбционного концентрирования: учебное пособие/ Н. А. Колпакова, Т. С. Минакова; Национальный исследовательский Томский политехнический университет (ТПУ). Ч. 2.— , 2011-2012
סיכום:В учебно-методическом пособии рассматриваются теоретические и практические материалы учебного курса «Термодинамика и кинетика сорбционного концентрирования», описывающие сорбцию ионов на неорганических сорбентах, а также приборы и методику изучения сорбционных процессов; содержатся методические указания для выполнения лабораторных работ. Предназначено для студентов химических факультетов, специализирующихся в области адсорбции, катализа, электрохимии, аналитической химии, а также для магистрантов, аспирантов, научных сотрудников и преподавателей, интересующихся этими направлениями науки.
שפה:רוסית
יצא לאור: 2012
נושאים:
פורמט: MixedMaterials ספר
KOHA link:https://koha.lib.tpu.ru/cgi-bin/koha/opac-detail.pl?biblionumber=224703

MARC

LEADER 00000nam2a2200000 4500
001 224703
005 20231101230617.0
035 |a (RuTPU)RU\TPU\book\245022 
090 |a 224703 
100 |a 20121030d2012 m y0rusy50 ca 
101 0 |a rus 
102 |a RU 
105 |a a j 001zy 
200 0 |a Ч. 2 
210 |d 2012 
215 |a 91 с .  |c ил. 
320 |a Библиогр.: с. 87-89. 
330 |a В учебно-методическом пособии рассматриваются теоретические и практические материалы учебного курса «Термодинамика и кинетика сорбционного концентрирования», описывающие сорбцию ионов на неорганических сорбентах, а также приборы и методику изучения сорбционных процессов; содержатся методические указания для выполнения лабораторных работ. Предназначено для студентов химических факультетов, специализирующихся в области адсорбции, катализа, электрохимии, аналитической химии, а также для магистрантов, аспирантов, научных сотрудников и преподавателей, интересующихся этими направлениями науки. 
461 1 |0 (RuTPU)RU\TPU\book\229837  |t Термодинамика и кинетика сорбционного концентрирования  |o учебное пособие  |f Н. А. Колпакова, Т. С. Минакова  |g Национальный исследовательский Томский политехнический университет (ТПУ)  |v Ч. 2  |d 2011-2012 
606 1 |a Сорбционное концентрирование  |2 stltpush  |3 (RuTPU)RU\TPU\subj\71392  |9 85327 
610 1 |a неорганические сорбенты 
610 1 |a поверхности 
610 1 |a ионы 
610 1 |a адсорбция 
610 1 |a двойной электрический слой 
610 1 |a строение 
610 1 |a обменная сорбция 
610 1 |a твердые тела 
610 1 |a кислотно-основные свойства 
610 1 |a теоретические материалы 
610 1 |a задачи 
610 1 |a типовые решения 
610 1 |a лабораторные работы 
610 1 |a учебные пособия 
610 1 |a труды учёных ТПУ 
675 |a 544.723(075.8)  |v 4 
801 1 |a RU  |b 63413507  |c 20121030 
801 2 |a RU  |b 63413507  |c 20121112  |g RCR 
900 |a Термодинамика 
900 |a Термодинамика и кинетика сорбционного концентрирования 
900 |a Адсорбционные процессы 
942 |c BK